Countries: After E Quiz Stats

 Plays Quiz Updated Jul 2, 2018

Also try: Countries: After R
Challenge
Share
Tweet
Embed
Score 0/23 Timer 06:00
2 Plays Today
Letter after 'E' Country Name % Correct
RNigeria
96.1%
NSweden
94.2%
-Suriname
93.6%
SeSwatini
93.3%
LBelarus
92.8%
AGuinea
92.7%
CGreece
90.2%
DSweden
90.2%
MGuatemala
83.2%
TVietnam
81.8%
GEgypt
81%
XMexico
79.2%
Letter after 'E' Country Name % Correct
WPapua New Guinea
76.7%
PNepal
75.9%
YTurkey
70.4%
EGreece
67.7%
QEquatorial Guinea
63%
ILiechtenstein
56.7%
ZVenezuela
50%
OGeorgia
46.5%
BLebanon
43.5%
KUzbekistan
42.9%
VSaint Kitts and Nevis
34.3%

You're not logged in!

Compare scores with friends on all Sporcle quizzes.
OR
Log In

You Might Also Like...

Show Comments

Extras

Top Quizzes Today


Score Distribution

Your Account Isn't Verified!

In order to create a playlist on Sporcle, you need to verify the email address you used during registration. Go to your Sporcle Settings to finish the process.

Report this User

Report this user for behavior that violates our Community Guidelines.

Details: